[Event "Mittelrhein Verbandsliga-S 18/19"]
[Site "Nordrheinwestfalen"]
[Date "2019.05.05"]
[Round "10.8"]
[White "Ostermann, Frank"]
[Black "Kaeser, Udo"]
[Result "0-1"]
[WhiteElo "1511"]
[BlackElo "2264"]
[PlyCount "54"]
[EventDate "2018.09.02"]
[EventType "team-tourn"]
[EventRounds "11"]
[EventCountry "GER"]
[SourceTitle "EXT 2022"]
[Source "ChessBase"]
[SourceDate "2021.10.06"]
[SourceVersion "1"]
[SourceVersionDate "2021.10.06"]
[SourceQuality "1"]
[WhiteTeam "Bruehl II"]
[BlackTeam "Niederkassel II"]
[WhiteTeamCountry "GER"]
[BlackTeamCountry "GER"]

1. e4 c5 2. Bc4 e6 3. e5 Nc6 4. Nf3 Qc7 5. Qe2 a6 6. d3 Nge7 7. Bf4 Ng6 8. Bg3 h5 9. h4 d6 10. exd6 Bxd6 11. Bxd6 Qxd6 12. Ng5 Nd4 13. Qd2 b5 14. Bb3 Bb7 15. Nc3 Bxg2 16. Rg1 Nxh4 17. 0-0-0 Nhf3 18. Nxf3 Nxf3 19. Qe3 Nxg1 20. Rxg1 Bc6 21. Rxg7 h4 22. Ne4 Bxe4 23. Qxe4 Rd8 24. Qf3 Qe7 25. Qh3 Qf6 26. Rg2 Qf4+ 27. Kb1 c4 0-1

[Event "NRW Class1 1718"]
[Site "Germany"]
[Date "2018.04.29"]
[Round "9.8"]
[White "Kaeser, Udo"]
[Black "Lehmann, Mona"]
[Result "1/2-1/2"]
[WhiteElo "2259"]
[BlackElo "1910"]
[PlyCount "120"]
[EventDate "2017.09.17"]
[EventType "team-tourn"]
[EventRounds "9"]
[EventCountry "GER"]
[SourceTitle "EXT 2019"]
[Source "ChessBase"]
[SourceDate "2018.10.10"]
[SourceVersion "1"]
[SourceVersionDate "2018.10.10"]
[SourceQuality "1"]
[WhiteTeam "Niederkassel"]
[BlackTeam "Emsdetten Rochade"]
[WhiteTeamCountry "GER"]
[BlackTeamCountry "GER"]

1. e4 c5 2. Nf3 Nc6 3. c3 d5 4. exd5 Qxd5 5. d4 Bg4 6. Be2 cxd4 7. cxd4 e6 8. Nc3 Qa5 9. h3 Bh5 10. 0-0 Nf6 11. Be3 Be7 12. a3 Qd8 13. Qb3 Rb8 14. Rfd1 Nd5 15. g4 Bg6 16. Nxd5 Qxd5 17. Qxd5 exd5 18. Ne5 f6 19. Nxc6 bxc6 20. b4 Bc2 21. Re1 Kd7 22. Rac1 Ba4 23. Bd3 g6 24. h4 Rhg8 25. Bf4 Rbe8 26. b5 Bd6 27. Rxe8 Rxe8 28. bxc6+ Bxc6 29. Bxd6 Kxd6 30. g5 fxg5 31. hxg5 Rf8 32. Rc3 Rf4 33. Be2 Rxd4 34. Rh3 Re4 35. Kf1 Re7 36. f4 Bd7 37. Rh4 Bf5 38. Kf2 d4 39. Rh1 Rc7 40. Rd1 Kd5 41. Bf3+ Be4 42. Re1 Rc2+ 43. Kg3 Bxf3 44. Kxf3 Rc3+ 45. Kg4 Rxa3 46. Re7 a6 47. Rxh7 Re3 48. f5 Re4+ 49. Kf3 gxf5 50. Rf7 Ke6 51. Rf6+ Ke5 52. Rxa6 Rf4+ 53. Ke2 Rg4 54. g6 f4 55. Rb6 Rg2+ 56. Kf3 Rg3+ 57. Ke2 Kf5 58. Rd6 Ke5 59. Rb6 Rg2+ 60. Kf3 Rg3+ 1/2-1/2

[Event "BL2-West 0607"]
[Site "Germany"]
[Date "2007.02.04"]
[Round "5.4"]
[White "Janssen, Ruud"]
[Black "Kaeser, Udo"]
[Result "1-0"]
[WhiteElo "2485"]
[BlackElo "2334"]
[PlyCount "83"]
[EventDate "2006.10.15"]
[EventType "team-tourn"]
[EventRounds "9"]
[EventCountry "GER"]
[SourceTitle "EXT 2008"]
[Source "ChessBase"]
[SourceDate "2007.11.25"]
[SourceVersion "1"]
[SourceVersionDate "2007.11.25"]
[SourceQuality "1"]
[WhiteTeam "Emsdetten Turm"]
[BlackTeam "Bergheim"]
[WhiteTeamCountry "GER"]
[BlackTeamCountry "GER"]

1. Nf3 e6 2. c4 d5 3. d4 c6 4. e3 f5 5. Bd3 Bd6 6. 0-0 Nh6 7. b3 Qe7 8. Bb2 0-0 9. Qc1 b6 10. Ba3 Bb7 11. Bxd6 Qxd6 12. Qa3 Qxa3 13. Nxa3 Nd7 14. Rac1 Rfc8 15. Ng5 Nf8 16. Rc3 g6 17. f3 Nf7 18. Nxf7 Kxf7 19. e4 a6 20. cxd5 cxd5 21. Rxc8 Rxc8 22. e5 Ke7 23. Kf2 Nd7 24. h4 Nb8 25. h5 g5 26. g4 Rf8 27. gxf5 exf5 28. Rc1 Kd8 29. h6 Bc8 30. Nc2 Nc6 31. Ne3 Ne7 32. b4 Rg8 33. a4 Rg6 34. Nxd5 Nxd5 35. Rxc8+ Ke7 36. Bc4 Nxb4 37. Rc7+ Kd8 38. Rxh7 Nc6 39. Bxa6 g4 40. fxg4 Rxg4 41. Rh8+ Kc7 42. h7 1-0

[Event "GER-ch 77th"]
[Site "Osterburg"]
[Date "2006.02.06"]
[Round "4"]
[White "Kaeser, Udo"]
[Black "Schuetze, Norman"]
[Result "1/2-1/2"]
[WhiteElo "2343"]
[BlackElo "2161"]
[PlyCount "84"]
[EventDate "2006.02.03"]
[EventType "swiss"]
[EventRounds "9"]
[EventCountry "GER"]
[SourceTitle "CBM 112"]
[Source "ChessBase"]
[SourceDate "2006.06.07"]
[SourceVersion "1"]
[SourceVersionDate "2006.06.07"]
[SourceQuality "1"]

1. e4 c5 2. Nf3 Nc6 3. d4 cxd4 4. Nxd4 Nf6 5. Nc3 e5 6. Ndb5 h6 7. Nd5 Nxd5 8. exd5 a6 9. dxc6 axb5 10. cxd7+ Bxd7 11. Bd3 Bc6 12. 0-0 Qd5 13. f3 Bc5+ 14. Kh1 0-0 15. Qe2 Bb6 16. Be3 Bxe3 17. Qxe3 Rfe8 18. a3 Qd6 19. Rad1 Qe7 20. c3 Qg5 21. Qe2 e4 22. fxe4 Ra4 23. Qf2 Bxe4 24. Qxf7+ Kh7 25. Qf3 Qg6 26. h3 Bxd3 27. Qxd3 Qxd3 28. Rxd3 Re2 29. Rf7 Ra6 30. Rg3 Rg6 31. Rxg6 Kxg6 32. Rxb7 Rxb2 33. a4 Rb3 34. Rb6+ Kf7 35. axb5 Rxc3 36. Rb7+ Kg6 37. Rd7 Rb3 38. Rd6+ Kg5 39. b6 h5 40. Kg1 Rb2 41. Kf1 Kh4 42. Ke1 g5 1/2-1/2

[Event "BL2-West 0506"]
[Site "Germany"]
[Date "2006.01.15"]
[Round "5.7"]
[White "Broehl, Stephan"]
[Black "Kaeser, Udo"]
[Result "0-1"]
[WhiteElo "2169"]
[BlackElo "2343"]
[PlyCount "68"]
[EventDate "2005.10.23"]
[EventType "team-tourn"]
[EventRounds "9"]
[EventCountry "GER"]
[SourceTitle "EXT 2007"]
[Source "ChessBase"]
[SourceDate "2006.11.23"]
[SourceVersion "1"]
[SourceVersionDate "2006.11.23"]
[SourceQuality "1"]
[WhiteTeam "Lohmar"]
[BlackTeam "Bergheim"]
[WhiteTeamCountry "GER"]
[BlackTeamCountry "GER"]

1. e4 e5 2. Nf3 Nc6 3. Nc3 Bb4 4. Nd5 Be7 5. d4 d6 6. Bb5 exd4 7. Nxd4 Bd7 8. 0-0 Nf6 9. Nxe7 Qxe7 10. Nxc6 bxc6 11. Bd3 0-0 12. Bg5 Qe5 13. Bxf6 Qxf6 14. c3 Rab8 15. Qc2 Rfe8 16. f4 c5 17. e5 Qh4 18. exd6 cxd6 19. g3 Qh5 20. Rfe1 Bc6 21. Be4 Rxe4 22. Rxe4 Qf3 23. Rae1 f5 24. R4e2 Qh1+ 25. Kf2 Qxh2+ 26. Kf1 Qh1+ 27. Kf2 Qg2+ 28. Ke3 Qxg3+ 29. Kd2 Qxf4+ 30. Re3 Be4 31. Qa4 Rxb2+ 32. Kc1 Rb8 33. Qxa7 Rb1+ 34. Kd2 Rxe1 0-1

[Event "BL2-West 0506"]
[Site "Germany"]
[Date "2005.11.27"]
[Round "3.5"]
[White "Houska, Jovanka"]
[Black "Kaeser, Udo"]
[Result "1-0"]
[WhiteElo "2351"]
[BlackElo "2343"]
[PlyCount "93"]
[EventDate "2005.10.23"]
[EventType "team-tourn"]
[EventRounds "9"]
[EventCountry "GER"]
[SourceTitle "EXT 2007"]
[Source "ChessBase"]
[SourceDate "2006.11.23"]
[SourceVersion "1"]
[SourceVersionDate "2006.11.23"]
[SourceQuality "1"]
[WhiteTeam "Hofheim"]
[BlackTeam "Bergheim"]
[WhiteTeamCountry "GER"]
[BlackTeamCountry "GER"]

1. e4 c5 2. Nc3 e6 3. Nf3 Nf6 4. d4 cxd4 5. Nxd4 Nc6 6. Be3 Bb4 7. Bd3 d5 8. exd5 Nxd5 9. Nxc6 bxc6 10. Bd2 0-0 11. 0-0 e5 12. Nxd5 Bxd2 13. Nf6+ Qxf6 14. Qxd2 Rd8 15. Qc3 Bf5 16. Bxf5 Qxf5 17. Rae1 f6 18. Qc4+ Kh8 19. Rd1 h5 20. h3 Rac8 21. c3 Qc2 22. Rxd8+ Rxd8 23. b4 Kh7 24. Qxc6 Qxa2 25. Qf3 Kg6 26. Qe4+ Kf7 27. Qf5 Qe2 28. Ra1 a6 29. Qb1 Kf8 30. Qf1 Qc2 31. Qc4 e4 32. Re1 Rd1 33. Rxd1 Qxd1+ 34. Kh2 Qd6+ 35. g3 f5 36. Qc8+ Ke7 37. Qxf5 Qd3 38. Qg5+ Kd6 39. Qxg7 Kd5 40. Qg8+ Kc6 41. c4 e3 42. Qd5+ Qxd5 43. cxd5+ Kxd5 44. fxe3 Kc4 45. g4 hxg4 46. hxg4 Kxb4 47. g5 1-0

[Event "BL2-West 0405"]
[Site "Germany"]
[Date "2005.01.16"]
[Round "5.5"]
[White "Kaeser, Udo"]
[Black "Meier, Volker"]
[Result "0-1"]
[WhiteElo "2345"]
[BlackElo "2280"]
[PlyCount "122"]
[EventDate "2004.10.13"]
[EventType "team-tourn"]
[EventRounds "9"]
[EventCountry "GER"]
[SourceTitle "EXT 2006"]
[Source "ChessBase"]
[SourceDate "2005.11.24"]
[SourceVersion "1"]
[SourceVersionDate "2005.11.24"]
[SourceQuality "1"]
[WhiteTeam "Lohmar"]
[BlackTeam "Schott Mainz"]
[WhiteTeamCountry "GER"]
[BlackTeamCountry "GER"]

1. e4 c5 2. Nf3 e6 3. c3 d5 4. exd5 Qxd5 5. d4 Nf6 6. Na3 Qd8 7. Nc2 Nc6 8. Bg5 cxd4 9. Ncxd4 Be7 10. Nxc6 bxc6 11. Qxd8+ Bxd8 12. Ne5 Bb7 13. 0-0-0 0-0 14. Be2 c5 15. Bf3 Bxf3 16. Nxf3 Nd5 17. Bxd8 Rfxd8 18. g3 f6 19. Nd2 Kf8 20. Nb3 Rdc8 21. Rhe1 Kf7 22. c4 Nb6 23. Na5 Rc7 24. Rd6 Re8 25. Kc2 g5 26. b3 Nc8 27. Rc6 Rxc6 28. Nxc6 Ne7 29. Na5 Nf5 30. Nb7 Rc8 31. g4 Nd4+ 32. Kc3 Kg6 33. Nxc5 Nf3 34. Re3 Nxh2 35. Nd3 Nxg4 36. Rxe6 h5 37. Re1 h4 38. b4 Nh2 39. c5 Nf3 40. Rh1 g4 41. b5 Kg5 42. Kb4 g3 43. fxg3 hxg3 44. Ne1 Nxe1 45. Rxe1 f5 46. b6 axb6 47. cxb6 f4 48. Re7 f3 49. Rg7+ Kf4 50. a4 g2 51. a5 Rb8 52. b7 Rxb7+ 53. Rxb7 g1Q 54. a6 Qd4+ 55. Ka5 Qd5+ 56. Kb6 f2 57. a7 f1Q 58. Rf7+ Qxf7 59. a8Q Qb1+ 60. Kc5 Qc7+ 61. Kd4 Qd1# 0-1

[Event "GER Cup"]
[Site "Baden-Oos"]
[Date "2005.??.??"]
[Round "3"]
[White "Kaeser, Udo"]
[Black "Voigt, Martin"]
[Result "1-0"]
[WhiteElo "2345"]
[BlackElo "2313"]
[PlyCount "57"]
[EventDate "2005.04.16"]
[EventType "k.o."]
[EventRounds "1"]
[EventCountry "GER"]
[SourceTitle "CBM 105 Extra"]
[Source "ChessBase"]
[SourceDate "2005.05.01"]
[SourceVersion "1"]
[SourceVersionDate "2005.05.01"]
[SourceQuality "1"]

1. d4 e6 2. e4 d5 3. Nc3 dxe4 4. Nxe4 Nd7 5. Nf3 Ngf6 6. Nxf6+ Nxf6 7. Bg5 c5 8. Bb5+ Bd7 9. Bxd7+ Qxd7 10. Bxf6 gxf6 11. dxc5 Qxd1+ 12. Rxd1 Bxc5 13. Ke2 Rg8 14. g3 Rd8 15. Rxd8+ Kxd8 16. Rd1+ Ke7 17. Rd3 Rb8 18. c4 Rc8 19. b3 Bb6 20. Nd2 f5 21. b4 f4 22. gxf4 Bc7 23. Kf3 Rg8 24. Ne4 f5 25. Nc5 Bd6 26. Nxb7 Bxb4 27. c5 Rc8 28. a3 Rc7 29. c6 1-0

[Event "BL2-West 0405"]
[Site "Germany"]
[Date "2004.11.14"]
[Round "2.5"]
[White "Bonnmann, Reinhard"]
[Black "Kaeser, Udo"]
[Result "0-1"]
[WhiteElo "2289"]
[BlackElo "2345"]
[PlyCount "78"]
[EventDate "2004.10.13"]
[EventType "team-tourn"]
[EventRounds "9"]
[EventCountry "GER"]
[SourceTitle "EXT 2006"]
[Source "ChessBase"]
[SourceDate "2005.11.24"]
[SourceVersion "1"]
[SourceVersionDate "2005.11.24"]
[SourceQuality "1"]
[WhiteTeam "Koeln SF"]
[BlackTeam "Lohmar"]
[WhiteTeamCountry "GER"]
[BlackTeamCountry "GER"]

1. c4 e6 2. Nf3 d5 3. g3 g6 4. d4 Bg7 5. Bg2 Ne7 6. 0-0 0-0 7. Qc2 Nbc6 8. Rd1 a5 9. Na3 b6 10. e3 Bb7 11. Bd2 Nb4 12. Qb1 c5 13. Bc3 Qb8 14. dxc5 bxc5 15. Bxg7 Kxg7 16. Qc1 Rc8 17. Qc3+ f6 18. g4 e5 19. g5 d4 20. gxf6+ Kxf6 21. exd4 exd4 22. Nxd4 cxd4 23. Rxd4 Kf7 24. Bxb7 Qxb7 25. Rad1 Kg8 26. Qh3 Rf8 27. Qe6+ Rf7 28. Rd8+ Rxd8 29. Rxd8+ Kg7 30. Qe5+ Rf6 31. Rd6 Ng8 32. Rxf6 Nxf6 33. Qxa5 Nd3 34. Nb5 Qf3 35. Qa7+ Kf8 36. Qb8+ Ne8 37. Qg3 Qf7 38. Kg2 g5 39. Qf3 Nf4+ 0-1

[Event "Oberliga NRW 0304"]
[Site "Germany"]
[Date "2004.02.08"]
[Round "6.4"]
[White "Kaeser, Udo"]
[Black "Deleyn, Gunter"]
[Result "1/2-1/2"]
[WhiteElo "2347"]
[BlackElo "2272"]
[PlyCount "79"]
[EventDate "2003.09.28"]
[EventType "team-tourn"]
[EventRounds "9"]
[EventCountry "GER"]
[SourceTitle "CBM 098 Extra"]
[Source "ChessBase"]
[SourceDate "2004.03.10"]
[SourceVersion "2"]
[SourceVersionDate "2004.03.10"]
[SourceQuality "1"]
[WhiteTeam "Lohmar"]
[BlackTeam "Castrop Rauxel"]
[WhiteTeamCountry "GER"]
[BlackTeamCountry "GER"]

1. e4 g6 2. Nc3 Bg7 3. g3 e5 4. Bg2 d6 5. d3 Nc6 6. f4 Nd4 7. Nce2 exf4 8. Nxf4 Nf6 9. c3 Nc6 10. Nf3 0-0 11. 0-0 Re8 12. Kh1 Ne5 13. Be3 Bg4 14. Qd2 Bxf3 15. Bxf3 d5 16. Nxd5 Nxd5 17. exd5 Nxf3 18. Rxf3 Qxd5 19. Raf1 Re7 20. c4 Qc6 21. b4 Rae8 22. b5 Qd7 23. Qf2 Qh3 24. Bd4 Bxd4 25. Qxd4 Re2 26. R3f2 Rxa2 27. Kg1 Rxf2 28. Qxf2 Qd7 29. Re1 Rxe1+ 30. Qxe1 Qd4+ 31. Kg2 a6 32. bxa6 bxa6 33. Qa5 Qd6 34. c5 Qc6+ 35. Kf2 Qb5 36. Qxc7 Qxd3 37. Kg2 Qe2+ 38. Kg1 Qe1+ 39. Kg2 Qe2+ 40. Kg1 1/2-1/2

[Event "Oberliga NRW 0304"]
[Site "Germany"]
[Date "2003.10.12"]
[Round "2.3"]
[White "Kaeser, Udo"]
[Black "Straub, Natalia"]
[Result "1-0"]
[WhiteElo "2347"]
[BlackElo "2344"]
[PlyCount "89"]
[EventDate "2003.09.28"]
[EventType "team-tourn"]
[EventRounds "9"]
[EventCountry "GER"]
[SourceTitle "CBM 098 Extra"]
[Source "ChessBase"]
[SourceDate "2004.03.10"]
[SourceVersion "2"]
[SourceVersionDate "2004.03.10"]
[SourceQuality "1"]
[WhiteTeam "Lohmar"]
[BlackTeam "Gesch"]
[WhiteTeamCountry "GER"]
[BlackTeamCountry "GER"]

1. e4 e6 2. d4 d5 3. Nc3 Nf6 4. Bg5 Bb4 5. e5 h6 6. Bd2 Bxc3 7. Bxc3 Ne4 8. Bb4 c5 9. Bxc5 Nxc5 10. dxc5 Qa5+ 11. c3 Qxc5 12. Bd3 Nc6 13. Nf3 Bd7 14. 0-0 g5 15. Re1 g4 16. Nd2 Rg8 17. c4 Rg5 18. Nb3 Qb6 19. cxd5 exd5 20. Rc1 0-0-0 21. Nc5 Be6 22. Qa4 Kb8 23. Qf4 Nb4 24. a3 Nxd3 25. Nxd3 d4 26. b4 Rdg8 27. Rc5 h5 28. Rec1 Qd8 29. Qd2 h4 30. Nf4 Bf5 31. Ne2 d3 32. Nc3 g3 33. fxg3 hxg3 34. h3 Qd4+ 35. Kh1 Bxh3 36. Qxg5 Bxg2+ 37. Kxg2 Qf2+ 38. Kh3 Qh2+ 39. Kg4 Rxg5+ 40. Kxg5 Qd2+ 41. Kf6 Qxc1 42. Kxf7 Qf4+ 43. Ke7 g2 44. Kd7 g1Q 45. Rc8# 1-0

[Event "Oberliga NRW 0102 II"]
[Site "Germany"]
[Date "2002.03.10"]
[Round "7.2"]
[White "Schmitz, Joachim"]
[Black "Kaeser, Udo"]
[Result "1/2-1/2"]
[WhiteElo "2322"]
[BlackElo "2360"]
[PlyCount "25"]
[EventDate "2001.10.??"]
[EventType "team"]
[EventRounds "9"]
[EventCountry "GER"]
[SourceTitle "EXT 2004"]
[Source "ChessBase"]
[SourceDate "2003.11.25"]
[SourceVersion "1"]
[SourceVersionDate "2003.11.25"]
[SourceQuality "1"]
[WhiteTeam "Duisburg/Hochheide"]
[BlackTeam "Lohmar"]
[WhiteTeamCountry "GER"]
[BlackTeamCountry "GER"]

1. Nf3 e6 2. g3 b5 3. Bg2 Bb7 4. 0-0 Nf6 5. b3 Be7 6. c4 bxc4 7. bxc4 c5 8. Nc3 0-0 9. Rb1 Bc6 10. d3 d6 11. Bd2 Nbd7 12. Qc2 Rb8 13. Rxb8 1/2-1/2

[Event "Lohmar Elo 0102 5th"]
[Site "Lohmar"]
[Date "2002.01.03"]
[Round "7"]
[White "Philipowski, Robert"]
[Black "Kaeser, Udo"]
[Result "1/2-1/2"]
[WhiteElo "2284"]
[BlackElo "2360"]
[PlyCount "102"]
[EventDate "2001.12.27"]
[EventType "tourn"]
[EventRounds "7"]
[EventCountry "GER"]
[SourceTitle "EXT 2003"]
[Source "ChessBase"]
[SourceDate "2002.11.25"]
[SourceVersion "1"]
[SourceVersionDate "2002.11.25"]
[SourceQuality "1"]

1. e4 e5 2. Nf3 Nc6 3. Bb5 a6 4. Ba4 Nf6 5. 0-0 Be7 6. Re1 b5 7. Bb3 d6 8. c3 0-0 9. d4 Bg4 10. Be3 exd4 11. cxd4 Na5 12. Bc2 c5 13. dxc5 dxc5 14. Nbd2 Nd7 15. Bf4 c4 16. e5 Nc5 17. Ne4 Nc6 18. Nxc5 Bxc5 19. Be4 Nd4 20. h3 Nxf3+ 21. Bxf3 Qxd1 22. Bxd1 Bxd1 23. Raxd1 Rfd8 24. Kf1 Kf8 25. Ke2 Ke8 26. Be3 Rac8 27. Rxd8+ Kxd8 28. Rc1 Kd7 29. f4 Ke6 30. Bd2 Bd4 31. Rc2 g5 32. fxg5 Kxe5 33. Bc3 Rd8 34. b3 Ke4 35. bxc4 bxc4 36. Bxd4 Rxd4 37. Rc3 Kf5 38. Rf3+ Rf4 39. Ra3 Kxg5 40. Rxa6 c3 41. Rc6 Ra4 42. Rxc3 Rxa2+ 43. Kf3 h5 44. g3 h4 45. Rc5+ f5 46. gxh4+ Kxh4 47. Rxf5 Ra3+ 48. Ke4 Ra4+ 49. Ke5 Ra5+ 50. Kf6 Rxf5+ 51. Kxf5 Kxh3 1/2-1/2

[Event "Oberliga NRW 0102 II"]
[Site "Germany"]
[Date "2001.10.21"]
[Round "2.3"]
[White "Jonkman, Harmen"]
[Black "Kaeser, Udo"]
[Result "1-0"]
[WhiteElo "2468"]
[BlackElo "2360"]
[PlyCount "81"]
[EventDate "2001.10.??"]
[EventType "team"]
[EventRounds "9"]
[EventCountry "GER"]
[SourceTitle "EXT 2004"]
[Source "ChessBase"]
[SourceDate "2003.11.25"]
[SourceVersion "1"]
[SourceVersionDate "2003.11.25"]
[SourceQuality "1"]
[WhiteTeam "Betzdorf Kirchen"]
[BlackTeam "Lohmar"]
[WhiteTeamCountry "GER"]
[BlackTeamCountry "GER"]

1. e4 e6 2. d4 d5 3. e5 c5 4. c3 Qb6 5. Nf3 Bd7 6. a3 cxd4 7. cxd4 Bb5 8. Bxb5+ Qxb5 9. Nc3 Qa6 10. Ne2 Ne7 11. h4 Nd7 12. 0-0 Nc6 13. Bf4 Be7 14. Bg5 Bxg5 15. Nxg5 h6 16. Nf3 0-0-0 17. b4 Kb8 18. Nc3 Ne7 19. a4 Qc6 20. Nb5 Nb6 21. Nd6 Rhf8 22. Qd3 Nc4 23. Rfc1 Qd7 24. Nxc4 dxc4 25. Rxc4 Rc8 26. b5 Rxc4 27. Qxc4 Rc8 28. Qd3 Qd5 29. Ra3 Qc4 30. Nd2 Qc1+ 31. Kh2 Rc2 32. Ne4 Nd5 33. Qf3 Rc7 34. Nd6 Qb2 35. Rd3 Qc2 36. Qe4 Nb4 37. Rg3 g6 38. h5 g5 39. Rf3 Qc1 40. Qh7 a5 41. b6 1-0

[Event "Oberliga NRW 0001 II"]
[Site "NRW"]
[Date "2001.05.06"]
[Round "9.3"]
[White "Kaeser, Udo"]
[Black "Reinke, Markus"]
[Result "1-0"]
[WhiteElo "2380"]
[BlackElo "2209"]
[PlyCount "85"]
[EventDate "2000.09.24"]
[EventType "team"]
[EventRounds "9"]
[EventCountry "GER"]
[SourceTitle "EXT 2006"]
[Source "ChessBase"]
[SourceDate "2005.11.24"]
[SourceVersion "1"]
[SourceVersionDate "2005.11.24"]
[SourceQuality "1"]
[WhiteTeam "Lohmar"]
[BlackTeam "Duesseldorf"]
[WhiteTeamCountry "GER"]
[BlackTeamCountry "GER"]

1. e4 e5 2. Nf3 d6 3. Bc4 Be7 4. d4 exd4 5. Nxd4 Nf6 6. Nc3 0-0 7. 0-0 Nc6 8. Re1 Ne5 9. Be2 Re8 10. f4 Ng6 11. g3 d5 12. e5 Ne4 13. Nxe4 dxe4 14. Be3 Bc5 15. Nf5 Bb4 16. c3 Bxc3 17. Nxg7 Kxg7 18. bxc3 Qxd1 19. Rexd1 f5 20. exf6+ Kxf6 21. Bd4+ Ke7 22. f5 Nh8 23. Bh5 Nf7 24. f6+ Kf8 25. Bc5+ Kg8 26. Be7 Be6 27. Rd4 Ng5 28. Rb4 Reb8 29. h4 Nf3+ 30. Kf2 Bd5 31. Rd1 c6 32. Bd6 Rd8 33. Be7 Rdb8 34. Bg4 Ne5 35. Be2 a5 36. Rbd4 Re8 37. c4 Bf7 38. Rxe4 Ng6 39. h5 Nf8 40. Rg4+ Kh8 41. Rg7 Rxe7 42. fxe7 Kxg7 43. Rd8 1-0

[Event "Oberliga NRW 0001 II"]
[Site "NRW"]
[Date "2000.12.10"]
[Round "4.6"]
[White "Wegener, Olaf"]
[Black "Kaeser, Udo"]
[Result "1-0"]
[WhiteElo "2292"]
[BlackElo "2380"]
[PlyCount "84"]
[EventDate "2000.09.24"]
[EventType "team"]
[EventRounds "9"]
[EventCountry "GER"]
[SourceTitle "EXT 2006"]
[Source "ChessBase"]
[SourceDate "2005.11.24"]
[SourceVersion "1"]
[SourceVersionDate "2005.11.24"]
[SourceQuality "1"]
[WhiteTeam "Brackel"]
[BlackTeam "Lohmar"]
[WhiteTeamCountry "GER"]
[BlackTeamCountry "GER"]

1. e4 c5 2. Nf3 Nc6 3. d4 cxd4 4. Nxd4 e5 5. Nb5 Nf6 6. N1c3 d6 7. Bg5 a6 8. Na3 Be6 9. Nc4 Rc8 10. Nd5 Bxd5 11. Bxf6 gxf6 12. Qxd5 Nd4 13. Bd3 b5 14. Ne3 Bh6 15. c3 Bxe3 16. fxe3 Ne6 17. 0-0 Qb6 18. Rxf6 Qxe3+ 19. Kh1 0-0 20. Rf3 Qd2 21. Raf1 Qxb2 22. Qxd6 Qxc3 23. Rg3+ Kh8 24. Qe7 Ng7 25. Bxb5 Qb2 26. Bxa6 Rce8 27. Qf6 Rg8 28. Qxf7 Qb8 29. Qb7 Qd6 30. Bc4 Re7 31. Qd5 Qxd5 32. Bxd5 Rd8 33. Rgf3 h6 34. Rf8+ Rxf8 35. Rxf8+ Kh7 36. Rf7 Re8 37. g3 Kg6 38. Rf2 Rb8 39. a4 Rb1+ 40. Kg2 Ra1 41. Ra2 Rxa2+ 42. Bxa2 Ne8 1-0

[Event "Oberliga NRW 9900 I"]
[Site "Germany"]
[Date "2000.03.22"]
[Round "7.3"]
[White "Kaeser, Udo"]
[Black "Weber, Peter"]
[Result "1-0"]
[WhiteElo "2290"]
[BlackElo "2205"]
[PlyCount "103"]
[EventDate "1999.10.26"]
[EventType "team"]
[EventRounds "9"]
[EventCountry "GER"]
[SourceTitle "EXT 2001"]
[Source "ChessBase"]
[SourceDate "2000.11.22"]
[SourceVersion "1"]
[SourceVersionDate "2000.11.22"]
[SourceQuality "1"]
[WhiteTeam "Lohmar"]
[BlackTeam "Monheim"]
[WhiteTeamCountry "GER"]
[BlackTeamCountry "GER"]

1. e4 Nf6 2. Nc3 d5 3. e5 Ne4 4. Nce2 f6 5. d3 Ng5 6. Nf4 fxe5 7. Nxd5 Qxd5 8. Bxg5 Nc6 9. Ne2 e4 10. Be3 exd3 11. Nc3 d2+ 12. Qxd2 Qxd2+ 13. Bxd2 Bf5 14. 0-0-0 0-0-0 15. Bc4 g6 16. Bg5 Rxd1+ 17. Rxd1 Bg7 18. Nd5 Re8 19. Bb5 Bf8 20. Nb4 Bd7 21. Nxc6 Bxc6 22. Bxc6 bxc6 23. Be3 a6 24. Rd4 e6 25. Rf4 Bd6 26. Rf7 Rh8 27. h3 Kd8 28. Bd4 e5 29. Bc3 Ke8 30. Rf3 Kd7 31. Re3 Re8 32. Re4 Ke6 33. Kd2 Kd5 34. f3 Rf8 35. Kd3 Rf4 36. Rxf4 exf4 37. Bg7 Be5 38. Bxe5 Kxe5 39. Kc4 Kf5 40. Kc5 Kg5 41. Kxc6 Kh4 42. b4 Kg3 43. a4 Kxg2 44. b5 axb5 45. a5 Kxf3 46. a6 Kg2 47. a7 f3 48. a8Q f2 49. Kxc7+ Kg1 50. Qa7 Kg2 51. Qb7+ Kg1 52. Qb6 1-0

[Event "Lohmar"]
[Site "Lohmar"]
[Date "1999.12.30"]
[Round "5"]
[White "Kaeser, Udo"]
[Black "Krallmann, Matthias"]
[Result "1/2-1/2"]
[WhiteElo "2334"]
[BlackElo "2297"]
[PlyCount "28"]
[EventDate "1999.12.26"]
[EventType "tourn"]
[EventRounds "9"]
[EventCountry "GER"]
[EventCategory "3"]
[SourceTitle "EXT 2001"]
[Source "ChessBase"]
[SourceDate "2000.11.22"]
[SourceVersion "1"]
[SourceVersionDate "2000.11.22"]
[SourceQuality "1"]

1. e4 e5 2. d4 exd4 3. c3 d5 4. exd5 Qxd5 5. cxd4 Nc6 6. Nf3 Nf6 7. Nc3 Bb4 8. Bd2 Bxc3 9. bxc3 0-0 10. Be2 Ne4 11. 0-0 Nxd2 12. Nxd2 Bf5 13. Qb3 Qa5 14. Nc4 Qa6 1/2-1/2

[Event "Lohmar"]
[Site "Lohmar"]
[Date "1999.12.26"]
[Round "1"]
[White "Abolianin, Arthur"]
[Black "Kaeser, Udo"]
[Result "1/2-1/2"]
[WhiteElo "2252"]
[BlackElo "2334"]
[PlyCount "85"]
[EventDate "1999.12.26"]
[EventType "tourn"]
[EventRounds "9"]
[EventCountry "GER"]
[EventCategory "3"]
[SourceTitle "EXT 2001"]
[Source "ChessBase"]
[SourceDate "2000.11.22"]
[SourceVersion "1"]
[SourceVersionDate "2000.11.22"]
[SourceQuality "1"]

1. g3 g6 2. Bg2 Bg7 3. c4 e6 4. Nc3 Ne7 5. e4 c5 6. Nge2 Nbc6 7. h4 d5 8. cxd5 exd5 9. exd5 Nb4 10. Nf4 Bf5 11. d3 Qd7 12. 0-0 0-0 13. a3 Bxc3 14. bxc3 Nbxd5 15. Qb3 Rad8 16. Nxd5 Nxd5 17. Bh6 Rfe8 18. Bg5 Bxd3 19. Bxd8 c4 20. Qb2 Bxf1 21. Rxf1 Qxd8 22. Rd1 Qb6 23. Qd2 Nf6 24. Qf4 h5 25. Bf3 Rd8 26. Rxd8+ Qxd8 27. Bxb7 Qe7 28. Qf3 Kg7 29. a4 Qe5 30. Kg2 Qd6 31. Bc6 a6 32. Bb7 a5 33. Bc6 Qc5 34. Bb5 Ng4 35. Qe2 Qd5+ 36. Qf3 Qc5 37. Qe2 Qd5+ 38. Kg1 Ne5 39. f4 Nd3 40. Qf1 Kf8 41. Kh2 Nb2 42. Qe2 Nd3 43. Qe8+ 1/2-1/2